LDR 00682naa#a2200169#i#450# 001 EN\\bibl\102912 005 20260702185624.4 011 ## _a2542-1840 100 ## _a20260630b2026####ek#y0engy0150####ca 102 ## _aRU 200 1# _aStress-Inducing Marketing Stimuli: Implications for Consumer Working Memory in Fast-Moving Consumer Goods _eJournal article 210 1# _aKemerovo _cKemerovo State University _d2026 215 ## _a10 с. 608 ## _aJournal article _2local 675 ## _aПамять. Обучение. Мнемотехника. 159.953 _aМаркетинг. 339.138 _aРеклама. 659.1 _aПсихология. 159.9 _z 700 #1 _aSamohodkin _gEvgeniy Vyacheslavovich 856 4# _anaukaru.ru _u